VfB Stuttgart Squad 2025-2026 - Statistics

General Stats
  • This quiz has been taken 141 times
    37 since last reset
  • The average score is 20 of 32
Answer Stats
# Position Nation Player % Correct
33 GK Germany Alexander Nübel
96%
10 FW Germany Chris Führich
93%
6 MF Germany Angelo Stiller
89%
26 FW Germany Deniz Undav
89%
11 MF Morocco Bilal El Khannouss
85%
9 FW Bosnia and Herzegovina Ermedin Demirović
85%
24 DF Germany Jeff Chabot
81%
7 DF Germany Maximilian Mittelstädt
81%
3 DF Netherlands Ramon Hendriks
81%
8 FW Portugal Tiago Tomás
78%
16 MF Turkey Atakan Karazor
74%
30 MF Spain Chema Andrés
74%
4 DF Germany Josha Vagnoman
74%
27 FW Algeria Badredine Bouanani
70%
29 DF Germany Finn Jeltsch
63%
18 FW Germany Jamie Leweling
63%
13 FW DR Congo Silas
59%
2 DF Belgium Ameen Al-Dakhil
56%
23 DF France Dan-Axel Zagadou
56%
28 MF Denmark Nikolas Nartey
56%
- Coach Germany Sebastian Hoeneß
56%
1 GK Germany Fabian Bredlow
52%
14 DF Switzerland Luca Jaquez
52%
15 DF Germany Pascal Stenzel
44%
45 FW Serbia Lazar Jovanović
41%
22 DF France Lorenz Assignon
41%
25 FW Ecuador Jeremy Arévalo
37%
20 DF Switzerland Leonidas Stergiou
37%
17 FW Germany Justin Diehl
33%
5 MF Germany Yannik Keitel
30%
21 GK Germany Stefan Drljača
26%
19 MF Germany Noah Darvich
22%
No matching quizzes found
Score Distribution
Percent of People with Each Score
Percentile by Number Answered
Your Score History
You have not taken this quiz since the last reset